000 00990nam a22002055i 4500
001 160902
003 ES-MaACL
005 20230906212143.0
008 990304s1898 sp o |||| | spa d
040 _aCCPB | B
_bspa
_cCCPB | B
100 1 _aOlavarría, Marcial de.
_9130601
245 1 0 _aHuevos fósiles encontrados en Cevico de la Torre (Palencia) /
_cpor Marcial de Olavarria.
260 _aMadrid :
_b[s.n.],
_c1898 (
_fEst. Tip. de la Viuda e Hijos de Tello)
300 _a6 p., [1] h. de lám. :
_bfot. ;
_c26 cm.
530 _aDisponible en formato digital.
595 _aSeparata de: Boletín de la Comisión del Mapa geológico de España.
650 4 _aHuevos fósiles-
_zCevico de la Torre.
_9155412
852 _aES-MaACL
_jT-1107-F-10
_z-- Enc. hol., conservando la cub. original
_z-- An. ms.: ded. del autor a Federico de Botella y de Hornos
_z-- Enc. en un vol. facticio
856 _uhttp://bdh-rd.bne.es/viewer.vm?id=0000077399&page=1
_zBiblioteca Digital Hispánica
999 _c160902
_d160902